| 000 | 02665njm a2200457Ia 4500 | ||
|---|---|---|---|
| 001 | 20758 | ||
| 003 | IT-RoPAU | ||
| 005 | 20220918181122.0 | ||
| 008 | 131025s9999 xx 000 0 und d | ||
| 040 | _aIT-RoPAU | ||
| 040 | _cIT-RoPAU | ||
| 041 | _aITALIANO | ||
| 999 |
_c99894 _d99894 |
||
| 999 | _bn.d. | ||
| 100 |
_aAA.VV. _9794 |
||
| 100 |
_eAutore musica _92978 |
||
| 100 |
_gCodice autore musica SPICS: 12000 _9796 |
||
| 245 | _aCanzone e il cinema (La) | ||
| 250 | _a2a ed. | ||
| 260 | _aMILANO | ||
| 260 |
_bFRATELLI FABBRI EDITORI _c1982 [1a Ed.:1970] |
||
| 300 | _aDISCO | ||
| 300 | _c25 minuti (Testo: pag.) | ||
| 500 | _aLa canzone italiana. Si comincia a ballare.Lucia, passione, sogno, donna andata via felice, amore, commedia, fama, tradimento, pene, nido d'amore, Mariù, lavoro, sogno, eredità, felicità, sogno, passione | ||
| 505 | _aLa canzone dell'amore [(Bixio/Cherubini-Villa) (4:00)] - Vivere (Bixio-Villa) (3:00)] - La mia canzone al vento [(Bixio/Cherubini-Villa) (2:00)] - La strada nel bosco [(Bixio/Rusconi/Nisa-Villa) (4:00)] - Parlami d'amore Mariù [(Bixio/Neri-De Sica V.) (4:00)] - Mille lire al mese [(Innocenzi/Sopranzi-Mazzi) (3:00)] - Amami di più [(Marf/Mascheroni-N.Bruni) (3:00)] - Macariolita [(Bixio/Cherubini-Bonino) (4:00)] | ||
| 511 | _aVilla Claudio | ||
| 511 | _aDe Sica Vittorio | ||
| 511 | _aMazzi Gilberto | ||
| 511 | _aBruni Norma | ||
| 511 | _aBonino Ernesto | ||
| 650 |
_aCANZONE ITALIAN [DISCHI] _eCodice MATERIA SPICS: 9950 _92979 |
||
| 700 |
_aCherubini Bixio _dCodice autore musica SPICS: 13442 _eAutore musica _pLa canzone dell'amore - La mia canzone al vento - Macariolita _92980 |
||
| 700 |
_aBixio Cesare Andrea _dCodice autore testo/musica SPICS: 13441 _eAutore testo/musica _pLa canzone dell'amore - Vivere - La mia canzone al vento - La strada nel bosco - Parlami d'amore Mariù - Macariolita _92981 |
||
| 700 |
_aNisa (Salerno Nicola) _dCodice autore musica SPICS: 13452 _eAutore musica _pLa strada nel bosco _92982 |
||
| 700 |
_aRusconi Ermenegildo _dCodice autore SPICS: 22482 _eAutore _pLa strada nel bosco _92983 |
||
| 700 |
_aNeri Ennio _dCodice autore musica SPICS: 13457 _eAutore musica _pParlami d'amore Mariù _92984 |
||
| 700 |
_aInnocenzi Carlo _dCodice autore testo/musica SPICS: 13493 _eAutore testo/musica _pMille lire al mese _92985 |
||
| 700 |
_aSopranzi Alessandro _dCodice autore musica SPICS: 13494 _eAutore musica _pMille lire al mese _92986 |
||
| 700 |
_aMascheroni Vittorio _dCodice autore musica SPICS: 13134 _eAutore musica _pAmami di più _92987 |
||
| 700 |
_aMarf (Bonavita Mario) _dCodice autore testo/musica SPICS: 13496 _eAutore testo/musica _pAmami di più _92988 |
||
| 942 |
_cMD _2ddc |
||